Statistics for Technology Giants #1 - Google

Click here to take the quiz!

General Stats

  • This quiz has been taken 21,540 times
    (10,027 since last reset)
  • The average score is 9 of 17

Answer Stats

HintAnswer% Correct
Google's email appGmail
97%
Google's web browserChrome
94%
Major country which has blocked access to google.com since 2010China
80%
Number of zeroes in a googol (the number)100
74%
Google's mobile operating systemAndroid
74%
Activity from which Google gets the vast majority of its revenueAdvertising
67%
Company which Google tried (but failed) to compete against by launching Google+Facebook
65%
Website owned by Google which gets more visits than any site except Google itselfYouTube
64%
Google's flagship smartphonePixel
63%
Holding company which owns Google and its "other bets"Alphabet
48%
University where Google startedStanford
44%
What Google once avoided by means of a legal, but dubious, "Double Irish" arrangementTaxes
39%
Co-founders of Google (name either)Larry Page /
Sergey Brin
34%
"Smart" thermostat company which Google acquired in 2014Nest
27%
Google's ChatGPT competitor which had a disastrous debut in 2023Bard
24%
Google's former unofficial mottoDon't be {evil}
24%
Product made by Google's Waymo subsidiaryAutonomous cars
19%

Score Distribution

Percentile by Number Answered

Percent of People with Each Score

Your Score History

You have not taken this quiz since the last reset